| 000 | 01052nam a2200325 a 4500 | ||
|---|---|---|---|
| 001 | vtls000196149 | ||
| 003 | NLI | ||
| 005 | 20210602113030.0 | ||
| 008 | 101125s1975 enk 001 0 eng | ||
| 020 | _cUSD 8.95 (pbk.) | ||
| 039 | 9 |
_y201011252323 _zVLOAD |
|
| 040 | 0 |
_aNLI _beng _cDatasoft 1 _eAACR2 |
|
| 041 | 0 | _aeng | |
| 044 | _aenk | ||
| 082 | 0 | 4 | _a333.82 |
| 100 | 1 |
_aWindsor, Philip _9185302 |
|
| 245 | 1 | 0 |
_aOil : _ba plain man's guide to the world's energy crisis / _cPhilip Windsor |
| 260 |
_aLondon : _bTemple Smith, _c1975 |
||
| 300 |
_a[5], iii, 178 p. ; _c23 cm. |
||
| 500 | _aIncludes index | ||
| 650 | 0 |
_aPetroleum industry and trade _943448 |
|
| 650 | 0 |
_aPetroleum industry and trade _zMiddle East _9374439 |
|
| 650 | 0 |
_aEnergy policy _9147270 |
|
| 887 | _a | ||
| 901 |
_a428231 _b29.09.1976 |
||
| 902 | _aE 333.82 W 724 | ||
| 942 |
_2ddc _cBKS |
||
| 949 |
_AVIRTUAITEM _D10000 _X100 _6PUR000428231ENG |
||
| 999 |
_aVIRTUA40 _c200065 _d200065 |
||
| 999 | _aVTLSSORT0080*0200*0400*0410*0440*0820*1000*2450*2600*3000*5000*6500*6501*6502*9010*9020*9490*9991 | ||